Good wives / by Louisa M. Alcott.
Record details
- Physical Description: 296 pages, (4) leaves of plates : illustrations
- Publisher: London : J.M.Dent and Sons Ltd 1978.
Available copies
- 1 of 1 copy available at scottsboropl.
Holds
- 0 current holds with 1 total copy.
Show Only Available Copies
| Location | Call Number / Copy Notes | Barcode | Shelving Location | Status | Due Date |
|---|---|---|---|---|---|
| scottsboropl | JF Alc | 32269000213440 | Juvenile - Fiction | Available | - |
| LDR | 00567cam a2200157 4500 | ||
|---|---|---|---|
| 001 | 122078 | ||
| 003 | CONS | ||
| 005 | 20140703073259.0 | ||
| 008 | 000 0 eng | ||
| 035 | . | ‡a(CPomAG)LMN475195 | |
| 100 | 1 | . | ‡aAlcott, Louisa May, ‡d1832-1888. |
| 245 | 0 | 0. | ‡aGood wives / ‡cby Louisa M. Alcott. |
| 260 | . | ‡aLondon : ‡bJ.M.Dent and Sons Ltd ‡c1978. | |
| 300 | . | ‡a296 pages, (4) leaves of plates : illustrations | |
| 959 | . | ‡i32269000213440 ‡lJF Alc ‡aJuvenile - Fiction ‡tJuv Fiction ‡g20.95 | |
| 852 | . | ‡p32269000213440 ‡jJF Alc ‡gJuvenile - Fiction ‡cJuv Fiction ‡y20.95 ‡bSBPL | |
| 901 | . | ‡a122078 ‡bUnknown ‡c122078 ‡tbiblio | |